00866nam a22001817a 4500003000900000005001700009007000300026008004100029040002500070082001500095100002000110245031800130260005200448300002700500710006400527710008200591710001100673DO-SdBNP20240528201512.0ta110301s2001 dr d 000 0 spa d aDO-SdBNPbspacBNPHU 4axxxxbO34p aOgando, Eduardo10aPropuesta para apoyar los esfuerzos nacionales para la prevención de la intoxicación por plomo, dentro del contexto de la atención para la supervivencia, crecimiento y desarrollo de la infancia :bprevalencia de intoxicación por plomo en niños/as de 6-72 meses de edad /cEduardo Ogando, Conrado Depratt aSanto Domingo :bIDAN,bIQUASD,bUNICEF,c2001. a19 p. :bgraf.c28 cm. aInstituto Dominicano de Alimentación y Nutrición (IDAN) aInstituto de Química de La Universidad Autónoma de Santo Domingo (IQUASD)2 aUNICEF